=LDR 00000nam 2200000 4500 =001 INLIS000000000000331 =005 20150309105410.0 =006 =007 =008 Ind =035 ##$$0010-061300000000331 =041 ##$$a Ind =082 ##$$a 320.4 =090 ##$$a 320.4 Kli-a =100 ##$$a Klinken, Gerry Van =245 ##$$a Akar perlawanan rakyat Timor Timur dan prospek perdamaiannya / Gerry Van Klinken =260 ##$$a Jakarta $b Lembaga Studi dan Advokasi Masyarakat $c 1996 =300 ##$$a xxv, 47 hlm. : 18 cm =650 ##$$a Politik dan Pemerintah =700 ##$$a Sumardi, Sandyawan =850 ##$$a NBPNMAT